Kayıtdışı ekonomi (Record no. 5385)

MARC details
000 -BAŞLIK
Sabit Uzunlukta Kontrol Alanı 00637na a2200229 4500
001 - KONTROL NUMARASI
Denetim Alanı 13260
003 - KONTROL NUMARASI IDENTIFIER
Denetim Alanı MIRAKIL
005 - SON İŞLEM TARİHİ VE ZAMANI
Denetim Alanı 20181213155035.0
008 - SABİT-BOY VERİ ELEMANLARI - GENEL BİLGİLER
Sabit Uzunlukta Kontrol Alanı 161012b tu 000 0
035 ## - SİSTEM KONTROL NUMARASI
Sistem Kontrol Numarası 13260
040 ## - KATALOGLAMA KAYNAK
Orijinal Kataloglama Ajansı Milas
Kataloglama Dili tur
Metne Dönüştürmek Ajansı TR-AnCHP
041 ## - DİL KODU
Metin / Ses Parça Veya Ayrı Başlığın Dil Kodu tur
082 ## - DEWEY ONLU SINIFLANDIRMA NUMARASI
Sınıflandırma Numarası 330.9
Ürün Numarası K46k 1995
090 ## - SINIFLAMA NUMARASI
Sınıflama Numarası 330.9 K46k 1995
100 ## - ANA GİRİŞ - KİŞİSEL İSİM
Kişisel Ad Kırbaş, Sadık
245 ## - BAŞLIK TABLOSU
Başlık Kayıtdışı ekonomi
Başlığın Kalan Nedenleri, boyutları ve çözüm yolları
Sorumluluk Tablosu, Vb Sadık Kırbaş
260 ## - YAYIN, DAĞITIM, VB
Yayın, Dağıtım, Vb Yeri Ankara
Yayıncı, Dağıtıcı, Vs Adı Tesav
Yayın, Dağıtım, Vb Tarihi 1995
300 ## - FİZİKSEL TANIM
Kapsam 86 s.
Boyutlar 20 sm.
650 ## - KONU KATMA GİRİŞ - TOPİKAL DÖNEM
Topikal Süreli Veya Coğrafi Ad Giriş Elemanı Ekonomi
Genel Alt Bölümü Sorunlar ve çözüm önerileri
650 ## - KONU KATMA GİRİŞ - TOPİKAL DÖNEM
Topikal Süreli Veya Coğrafi Ad Giriş Elemanı Kayıtdışı ekonomi
942 ## - EKLENDİ GİRİŞ ELEMANLARI (KOHA)
Sınıflandırma Veya Raf Düzeni Kaynak Dewey Decimal Classification
Koha Öğesi Türü Books
999 ## - SİSTEM KONTROL NUMARALARI (KOHA)
Koha Biblionumber 5385
Koha Biblioitemnumber 5385
Holdings
Kalıcı Konum Mevcut Konum Edinme Tarihi Edinim Kaynak Toplam Check-Out'Lar Tam Çağrı Numarası Barkod Tarih Son Görülme İtibaren Geçerli Fiyatlar Koha Öğesi Türü
CHP Kütüphanesi CHP Kütüphanesi 08/11/2016 Bağış   330.9 K46k 1995 001104 08/11/2016 08/11/2016 Books